01067nab a22002057a 4500003000400000005001700004008004100021040000700062100002400069245020700093260007200300300001300372500003900385505013600424505008900560650002000649650002400669650003100693773013700724OSt20260114141518.0190605e xxu||||| |||| 00| 0 spa d cPJ aGarcía, José A.13aLa presunción del art. 23 de la LCT modificada por la ley 27.742. ¿Cómo opera la presunción del art. 23 de la LCT luego de la modificación introducida por la ley 27.742? /cJosé A. García.  aCiudad Autónoma de Buenos Aires :bThomson Reuters La Ley,c2024. ap. 81-88 aCita: TR LALEY AR/DOC/2621/2024.  aSumario: I. Introducción.— II. El art. 23 de la LCT modificado por la ley 27.742.— III. Conclusión.— IV. Bibliografía.  t¿Te interesa el texto completo? Solicitalo al correo: koha@justierradelfuego.gov.ar 0aDERECHO LABORAL 0aCONTRATO DE TRABAJO 0aLEY DE CONTRATO DE TRABAJO0 02711dCiudad Autónoma de Buenos Aires : Thomson Reuters La Ley, 1999-2002.tRevista de derecho del trabajo. Nº 6 - Noviembre 2024